[Event "Championnat de France des Jeunes - Cadet"]
[Site "MONTLUCON"]
[Date "2011.04.24"]
[Round "9.6"]
[White "Mouhamad, Joachin"]
[Black "Cayla, Jonathan"]
[Result "1-0"]
[WhiteElo "2113"]
[BlackElo "1991"]
[Annotator "Rivier,Sylvain"]
[PlyCount "141"]

1. e4 c6 2. Nc3 d5 3. Qf3 dxe4 4. Nxe4 Nf6 5. Bc4 Nbd7 6. Bb3 e6 7. d4 Nxe4 8.
Qxe4 Nf6 9. Qd3 Bd6 10. Nf3 Qc7 11. O-O Bd7 12. Re1 O-O-O 13. Bg5 Kb8 14. Bh4
c5 15. dxc5 Qxc5 16. Qe2 Bc6 17. Ne5 Bxe5 18. Qxe5+ Qxe5 19. Rxe5 Rd4 20. Bg3
Kc8 21. f3 Rhd8 22. Be1 Nd7 23. Rg5 g6 24. Bf2 Rd2 25. Be3 Re2 26. Bf2 b6 27.
Kf1 Re5 28. h4 h6 29. Rxe5 Nxe5 30. a4 Bd5 31. c4 Bb7 32. a5 Rd2 33. Ra2 Nd3
34. Be3 Rxb2 35. Rxb2 Nxb2 36. axb6 axb6 37. Bd4 Nd3 38. Bxb6 Ba6 39. Bd4 Nc1
40. Ba4 Bxc4+ 41. Kf2 e5 42. Bc3 Kc7 43. Bxe5+ Kb6 44. Ke3 Kc5 45. Bg7 h5 46.
g4 Kd5 47. gxh5 gxh5 48. Bd1 Ke6 49. f4 Kf5 50. Bxh5 Nb3 51. Bh6 f6 52. Be8 Nc1
53. Kf2 Nd3+ 54. Kg3 Nc5 55. h5 Bg8 56. Bg6+ Ke6 57. Bc2 Bf7 58. Kg4 Be8 59.
Bf8 Nd7 60. Ba3 Nb6 61. h6 Kf7 62. h7 Kg7 63. Bf8+ Kh8 64. Bb4 Nd5 65. Bd6 Bf7
66. Bf5 Nb6 67. Kf3 Bd5+ 68. Ke2 Bf7 69. Kd3 Nd5 70. Kd4 Kg7 71. Be4 {suite
illisible} 1-0

[Event "Championnat de France des Jeunes - Cadet"]
[Site "MONTLUCON"]
[Date "2011.04.24"]
[Round "9.7"]
[White "Tournier, Timothee"]
[Black "Sochacki, Christophe"]
[Result "0-1"]
[WhiteElo "1937"]
[BlackElo "2366"]
[PlyCount "62"]

1. d4 d6 2. e4 g6 3. Nc3 Bg7 4. Nf3 a6 5. Be3 b5 6. a3 Bb7 7. Bd3 Nd7 8. O-O
Ngf6 9. h3 c5 10. e5 dxe5 11. Nxe5 Nxe5 12. dxe5 Nd5 13. Bxc5 Rc8 14. Bd4 Nf4
15. Qd2 Nxg2 16. Be2 Bxe5 17. Rad1 Bxd4 18. Qxd4 Qxd4 19. Rxd4 e5 20. Rd6 Nf4
21. Re1 Rc6 22. Bxb5 axb5 23. Rxe5+ Ne6 24. Rxc6 Bxc6 25. Nxb5 Kd7 26. c4 Rd8
27. Nc3 Kc7 28. Ra5 Rd2 29. b4 Rd3 30. Nd5+ Kb7 31. Kh2 Bxd5 0-1

[Event "Championnat de France des Jeunes - Cadet"]
[Site "MONTLUCON"]
[Date "2011.04.24"]
[Round "9.8"]
[White "Youssoupov, Moisse"]
[Black "Garnier, Teddy"]
[Result "1-0"]
[WhiteElo "2146"]
[BlackElo "1936"]
[PlyCount "71"]

1. d4 Nf6 2. Bf4 e6 3. e3 c5 4. c3 b6 5. Nd2 d6 6. Ngf3 Be7 7. h3 O-O 8. Bd3
Bb7 9. Qe2 Nbd7 10. O-O Re8 11. e4 Qc7 12. Bh2 Rad8 13. e5 dxe5 14. dxe5 Nd5
15. a3 Qb8 16. Ne4 Qa8 17. c4 Nc7 18. Rad1 Na6 19. Bc2 Nab8 20. Nd6 Bxd6 21.
Rxd6 Nf8 22. Rfd1 Nc6 23. Bg3 Rxd6 24. Rxd6 Rd8 25. Qd3 Rxd6 26. exd6 Qe8 27.
Ng5 h6 28. Nf3 f6 29. Ba4 Qf7 30. Nh4 Nd4 31. Nf3 Nc6 32. h4 e5 33. h5 Ne6 34.
Bc2 Nf8 35. Qf5 Bc8 36. Qxc8 1-0

[Event "Championnat de France des Jeunes - Cadet"]
[Site "MONTLUCON"]
[Date "2011.04.24"]
[Round "9.9"]
[White "Stepenko, Roman"]
[Black "Muheim, Sebastien"]
[Result "1/2-1/2"]
[WhiteElo "1929"]
[BlackElo "2101"]
[PlyCount "85"]

1. e4 c5 2. Nf3 d6 3. Bb5+ Nd7 4. d4 cxd4 5. Qxd4 e5 6. Qd3 h6 7. Nc3 Ngf6 8.
h3 Be7 9. Be3 a6 10. Bxd7+ Bxd7 11. a4 b5 12. axb5 axb5 13. O-O O-O 14. Nd2 b4
15. Nd5 Nxd5 16. exd5 Qc7 17. f4 f5 18. fxe5 dxe5 19. Rfd1 f4 20. Qb3 Bd6 21.
Bf2 Bf5 22. Nc4 Rxa1 23. Rxa1 Rc8 24. Nxd6 Qxd6 25. c4 bxc3 26. bxc3 Bd3 27.
Ra7 Rb8 28. Rb7 Rxb7 29. Qxb7 Be4 30. Qc8+ Kh7 31. c4 Qg6 32. Qg4 Qxg4 33. hxg4
Kg6 34. Bh4 Kf7 35. Bd8 Bd3 36. Bc7 Bxc4 37. Bxe5 g5 38. d6 Be6 39. Kf2 Bxg4
40. g3 fxg3+ 41. Kxg3 Bd7 42. Bc3 Ke6 43. Kg4 1/2-1/2

[Event "Championnat de France des Jeunes - Cadet"]
[Site "MONTLUCON"]
[Date "2011.04.24"]
[Round "9.10"]
[White "Meley, Hector"]
[Black "Gelin, Baptiste"]
[Result "1-0"]
[WhiteElo "2008"]
[BlackElo "1921"]
[PlyCount "129"]

1. d4 Nf6 2. c4 g6 3. Nc3 d5 4. Nf3 Bg7 5. Bg5 Ne4 6. cxd5 Nxc3 7. bxc3 Qxd5 8.
Qb3 Qa5 9. e3 h6 10. Bh4 g5 11. Bg3 Nd7 12. Bc4 O-O 13. O-O e6 14. h4 g4 15.
Nh2 h5 16. f3 e5 17. fxg4 exd4 18. Bxf7+ Kh8 19. Rf5 Qxc3 20. Rxh5+ Bh6 21.
Rxh6+ Kg7 22. Rg6+ Kh7 23. Qe6 Qxe3+ 24. Qxe3 dxe3 25. Re6 Rxf7 26. Nf3 Nf6 27.
Rxe3 Nxg4 28. Rc3 Re7 29. Rd1 Bf5 30. Rxc7 Rxc7 31. Bxc7 Rc8 32. Bf4 Rc2 33.
Nd4 Rc5 34. Nxf5 Rxf5 35. g3 Rb5 36. Kg2 Kg6 37. Kf3 Kf5 38. Rd8 Nh2+ 39. Kg2
Ng4 40. Rf8+ Ke4 41. Re8+ Kf5 42. Re2 Rb1 43. Rc2 b6 44. Rd2 Rb5 45. h5 Nf6 46.
Kf3 Rc5 47. Be3 Rc3 48. Rd4 Rc2 49. g4+ Ke5 50. Ra4 Rc3 51. h6 Nd5 52. Re4+ Kf6
53. g5+ Kg6 54. Re6+ Kf7 55. h7 Kxe6 56. h8=Q Rxe3+ 57. Kf2 Re5 58. Qg8+ Kf5
59. g6 Nf6 60. Qf7 Re8 61. g7 Rg8 62. Ke3 Kg5 63. Kd4 Rd8+ 64. Ke5 Ng4+ 65. Ke6
1-0